Final Fantasy I - Statistics

General Stats
  • This quiz has been taken 253 times
  • The average score is 27 of 42
Answer Stats
Hint Answer % Correct
Black Mage
99%
What are the beginning six classes to choose from? Warrior
99%
White Mage
99%
Thief
97%
Red Mage
96%
Monk
90%
What four legendary items do they carry? Crystals
84%
What classes are they promoted to? Knight
84%
Ninja
82%
By what legendary name are the protagonsists referred? Warriors of Light
81%
Black Wizard
80%
Who is the villain? Chaos
80%
Red Wizard
80%
White Wizard
80%
Who kidnaps ^? Garland
79%
What platform was Final Fantasy I originally released on? Nintendo Entertainment System/Famicom
76%
What year was Final Fantasy I released? 1987
74%
What vehicle allows you to travel around the world? Airship
68%
Which of her household items talks backwards? Broom
65%
How many years do the main characters travel back in time in order to defeat the villain? 1,000
63%
Who is the Fiend of Earth? Lich
63%
Which sword is created from ^? Excalibur
62%
Who promotes the main characters to new classes? Bahamut
61%
Who is the Fiend of Water? Kraken
61%
Who is the Fiend of Wind? Tiamat
60%
Master
56%
Who composed the music for Final Fantasy I? Nobuo Uematsu
56%
Who is kidnapped from Cornelia castle? Princess Sarah
55%
What witch creates a potion for you? Matoya
54%
What rare metal is found in the Flying Fortress? Adamantite
53%
What bottled creature helps you to breath under water? Fairy
50%
What unique item do you find in the Citadel of Trials? Rat Tail
48%
Who is the Fiend of Fire? Marilith
47%
What tasty rock does the Titan enjoy? Star Ruby
45%
In what volcano is the Fire Cave located? Mt. Gulg
42%
What difficult monster do you have a 1/64 chance of running into? Warmech
41%
What ancient tablet does Dr. Unne translate for you? Rosetta Stone
35%
Who is the Dark Elf? Astos
34%
What pirate gives you his ship? Bikke
29%
What language is impossible to understand at first? Lufenian
21%
What item does the robot give you? Warp Cube
21%
Who gives you the Earth Rod? Sarda
10%
No matching quizzes found
Score Distribution
Percent of People with Each Score
Percentile by Number Answered
Your Score History
You have not taken this quiz